[Event "Dyfed Open"]
[Site "Fishguard"]
[Date "2019.02.24"]
[Round "5.14"]
[White "Philpin, Les"]
[Black "Orton, Paul"]
[Result "1-0"]
[WhiteElo "1702"]
[BlackElo "1596"]
[Annotator "kemen"]
[PlyCount "49"]
[EventDate "2019.??.??"]

{[%evp 0,49,44,18,21,28,39,39,39,34,46,40,47,46,43,22,35,6,6,-39,-62,-104,-86,
-110,-80,-81,-76,-63,-54,-50,-41,-61,-8,-57,-18,-77,-45,-57,-17,-10,-8,-8,193,
133,573,558,637,643,1716,29988,29991,29992]} 1. d4 Nf6 2. Nf3 g6 3. Bf4 Bg7 4.
e3 d6 5. Nbd2 Nbd7 6. c3 c5 7. Qb3 (7. Be2) (7. Bd3) (7. h3 {main lines}) 7...
b6 (7... O-O {main}) 8. Ng5 {this should prove a waste of time as the N will
sooner or later be forced to retreat while Bl gains time} (8. Be2 O-O 9. h3 Bb7
10. O-O {transposes back to 127 games in database}) 8... O-O $15 9. Be2 Bb7 10.
Rg1 {hopeful, however Wh should settle for a retreat} (10. O-O h6 11. Ngf3 Nh5
12. Bg3 Nxg3 13. hxg3 Nf6) 10... h6 $19 (10... cxd4 $19 11. cxd4 e5 {with the
Wh K still in the centre & Wh angling for a kingside attack, Bl should up up
the centre & leave the g5 N dangling} 12. Bg3 (12. dxe5 dxe5 13. Bg3 Nc5 {
is worse} 14. Qa3 Qe7 15. Kf1 (15. h4 h6 16. Ngf3 Nd5 $19) 15... a5 16. Rc1
Rac8 17. Ngf3 Nd5 $19 {Stockfish10- allsorts of sacrifices begin to threaten})
12... Nh5 13. Ngf3 exd4 14. exd4 Re8 15. Kf1 (15. Bxd6 Ba6 16. Nc4 Rxe2+ 17.
Kxe2 Qf6 18. Kd1 Bxc4 19. Qxc4 Qxd6 $19 {Stockfish10})) 11. Nh3 (11. Ngf3 Rc8
12. O-O-O (12. Rd1 cxd4 13. cxd4 Qc7 14. h3 e5 15. Bh2 Rfe8 $19) 12... a6 13.
Kb1 b5 $19 {Stockfish10- the K is just as unsafe on the Q side as in the
centre ( the Bl pieces have free play while a whole battalion of Wh pieces are
bottled up on the K side}) 11... e5 (11... cxd4 12. exd4 e5 $19 {opens up more
lines}) 12. dxe5 dxe5 (12... Nxe5 13. O-O-O $17) 13. Bg3 Qe7 (13... a6 14.
O-O-O b5 $19 {Stockfish10}) 14. O-O-O Rfd8 (14... a6 $19) (14... Rab8 $19) (
14... Bc6 15. Bb5 Bxb5 16. Qxb5 a6 17. Qe2 b5 18. Kb1 c4 19. f3 Nc5 20. e4 Rfc8
$19 {all lines from Stockfish10}) 15. f3 Rac8 (15... a6 $17) 16. Bf2 (16. e4
$17 {Wh is getting his K side pieces back towards the centre}) 16... Nb8 {
too slow & the obvious target square on d4 is covered anyway. Bl needs to find
a better square ( & c5 beckons with a tempo on the Q)} (16... c4 $1 17. Nxc4 e4
18. Kb1 Nd5 $19 19. Nf4 Nc5 20. Qc2 b5 {Stockfish10,- the storm is coming}) 17.
g4 (17. e4 Nc6 18. Nc4 Ne8 19. Rxd8 Rxd8 20. Rd1 $15 {the exchanges have eased
Wh's position}) 17... Bd5 (17... e4 18. f4 Nc6 19. Nc4 Nb4 $5 (19... Nd5) (
19... Ba6) 20. g5 hxg5 21. cxb4 b5 22. Kb1 Bd5 23. Rxd5 Nxd5 24. Nxg5 Qxg5 (
24... cxb4 25. Ne5 Bxe5 26. fxe5 Qxe5 27. h4 a5 $19 {Stockfish10})) 18. Bc4 (
18. c4 Be6 19. Bh4 g5 20. Be1 Nc6 21. Nf2 e4 22. Ndxe4 Nxe4 23. Nxe4 Rxd1+ 24.
Qxd1 Rd8 25. Qa4 Bd7 26. Qc2 f5 27. gxf5 Bxf5 {and Bl retains a slight pull
with more active pieces}) 18... Bxc4 (18... Nc6 {bring the N back into play}
19. e4 Na5 20. Qa4 Bc6 21. Bb5 Bxb5 22. Qxb5 c4 $15 {Stockfish10}) 19. Qxc4 (
19. Nxc4 $11) 19... Rd7 (19... a6 20. g5 hxg5 21. Nxg5 b5 22. Qe2 c4 23. Bh4
Nd5 24. Nde4 Rd7 $15 {Stockfish10}) (19... Nd5 20. e4 Nc7 21. Kb1 Ne6 $15 {
Stockfish10- but now Bl is fighting for the extra space rather than having it
there for the taking earlier}) (19... Nc6 20. g5 hxg5 21. Nxg5 e4 22. f4 Nd4 $5
23. a4 $11 {Stockfish10}) 20. g5 Nh7 $2 (20... Nd5 {looks like a last attempt
before Wh can develop something on the K side} 21. e4 b5 22. Qxb5 Nxc3 (22...
Rb7 23. Qf1 Nb6 $11 (23... Nxc3 24. bxc3 c4 25. Nb1 Nc6 26. Qxc4 Qe8 27. Rg2
Na5 $17)) 23. bxc3 Qe6 24. Bg3 Qxh3 25. Nc4 Qe6 26. h4 hxg5 27. hxg5 Nc6 $15 {
Stockfish10}) (20... hxg5 21. Nxg5 Nc6 $11) 21. gxh6 $18 Bxh6 (21... b5 22.
Qxb5 Bxh6 23. Qc4 Kg7 24. Bh4 $18) 22. Rxg6+ Bg7 23. Rdg1 Rcd8 24. Rxg7+ Kh8
25. Qg4 {and the g file triumphs} 1-0

[Event "Dyfed Open"]
[Site "Fishguard"]
[Date "2019.02.24"]
[Round "5.15"]
[White "Miller, John S"]
[Black "Van Kemenade, Julie"]
[Result "1/2-1/2"]
[WhiteElo "1686"]
[BlackElo "1704"]
[Annotator "kemen"]
[PlyCount "88"]
[EventDate "2019.??.??"]

{[%evp 0,25,19,31,62,31,51,23,64,62,53,49,33,20,22,-7,0,-8,-8,-1,2,-7,-29,-13,
-25,-27,-6,-6]} 1. d4 d6 2. Bf4 (2. Nf3 f5 3. Bf4 Nf6 4. e3 g6 5. Nbd2 Bg7 6.
c3 O-O 7. h3 Nc6 {Miller-R Van Kemenade, Dyfed Open 2017,0-1}) 2... Nf6 3. e3 (
3. Nf3 g6 4. e3 Bg7 5. Nbd2 O-O 6. c3 Bf5 7. Be2 Qc8 {Miller-Dewi Jones, Dyfed
Open 2018,1/2-1/2}) 3... Nbd7 4. Nf3 g6 5. Nbd2 Bg7 6. c3 O-O 7. Be2 (7. Bc4 {
a bit more frequent}) 7... b6 8. h3 Bb7 9. O-O Qe8 10. Bb5 (10. Bh2 {main})
10... a6 11. Ba4 b5 12. Bc2 e5 13. dxe5 (13. Bg5 h6 14. Bh4 g5 15. Bg3 Nh5 16.
Bh2 f5 17. g4 e4 18. Nh4 gxh4 19. gxh5 Nf6 20. Kh1 Nxh5 {Vajda-Janoska, HUN ch
tm 2004,0-1}) 13... dxe5 14. Bh2 Rd8 (14... e4 15. Nd4 c5 16. N4b3 Qe6 {
Stockfish10} (16... Qe7)) (14... Qe7 15. e4 Rfd8 {Komodo12}) 15. Qe2 Qe7 16. e4
Nh5 17. Rfe1 Nf4 18. Qe3 g5 (18... Nc5 19. Bxf4 exf4 20. Qxf4 Ne6 21. Qe3 Qc5
22. Qxc5 Nxc5 $14 {Stockfish10}) (18... Bh6 19. Qa7 Rb8 20. Rad1 Nb6 $11 {
Komodo12}) 19. Rad1 (19. Qa7 {Komodo12}) (19. Nf1 {Stockfish10}) 19... Nc5 (
19... Nb6 {both Engines}) 20. Nb3 Nxb3 21. Bxb3 Bc8 (21... c5 {Stockfish10 &
Komodo12}) 22. Kh1 (22. Bxf4 exf4 {both Engines}) 22... Qf6 23. Bg3 Qh6 24. Kg1
(24. Rxd8 Rxd8 25. Qa7 (25. Qc5 Bxh3 $2 (25... Qd6 26. Qxd6 Rxd6 27. Nxg5 $16)
26. Bxf4 exf4 27. gxh3 Qxh3+ 28. Nh2 $18) 25... Bxh3 26. Bxf4 exf4 27. Qxc7
Be6+ 28. Kg1 Rf8 29. Nd4 Bxb3 30. axb3 Bxd4 31. cxd4 g4 32. d5 $14 {Komodo12})
24... Rde8 (24... Rxd1 25. Rxd1 g4 26. hxg4 Bxg4 $11 {Stockfish10}) 25. Kf1 (
25. Qc5 g4 26. hxg4 Bxg4 27. Bxf4 exf4 28. Qxc7 Bxf3 29. gxf3 Kh8 30. Qd7 Re5 (
30... Be5 31. Kf1 $16) 31. Kg2 $16) 25... Bxh3 $17 26. Bxf4 exf4 27. Qc5 Bg4
28. Rd5 Bxf3 (28... Qh1+ 29. Ng1 f3 30. gxf3 Bxf3 31. Rxg5 Bxe4 32. Re3 Bg6 33.
Qd5 (33. Rgg3 Rxe3 34. Rxe3 c6 $17) 33... Qxd5 34. Rxd5 Rxe3 35. fxe3 Bh6 36.
Re5 Kg7 $17 {Stockfish10}) 29. gxf3 Qh3+ 30. Ke2 g4 31. Kd2 Qxf3 $15 32. Rg5 (
32. Bd1 Qh3 33. Rg1 g3 34. fxg3 Qh2+ 35. Kc1 fxg3 36. Rg5 Kh8 37. R5xg3 Be5 38.
R3g2 Qf4+ 39. Kb1 Rg8 $15 {Stockfish10}) 32... Rd8+ (32... h6 $19 {Stockfish10}
33. Rf5 (33. Rxg7+ Kxg7 34. Qd4+ Kg8) 33... b4 34. cxb4 (34. Bd1 Rd8+ 35. Kc1
Rxd1+ 36. Rxd1 bxc3 37. bxc3 Bxc3 $19) 34... Rd8+ 35. Kc1 Bd4 36. Qc2 Bxf2 $19
{Stockfish10}) 33. Kc1 h6 {only move for Bl, others lose} (33... Rd6 34. e5 Rg6
35. Rxg6 hxg6 36. Bd5 Qh3 37. Rh1 Qd3 38. e6 $18 {Stockfish10}) 34. Rxg7+ {
only move for Wh, others lose} Kxg7 35. Qe5+ Kg8 36. Qf5 (36. Rg1 Rd6 37. Qh5
Kh8 38. Qe5+ Kg8 39. Qh5 $11) 36... Rd6 37. e5 (37. Rg1 $11) 37... Qd3 (37...
Qxf2 $1 $19 38. Qxg4+ (38. exd6 Qxe1+ 39. Kc2 Qf2+ 40. Kc1 Qg1+ 41. Kd2 Qh2+
42. Kc1 cxd6 43. Qg6+ Kh8 44. Qf6+ (44. Bxf7 Qh4) 44... Kh7 45. Qf5+ Kg7 46.
Qxg4+ Kh8) 38... Kh8 39. Qe2 Qxe2 40. Rxe2 Rg6 {Stockfish10}) 38. Qxg4+ Rg6 39.
Qxf4 Qd8 (39... Rg5 40. e6 fxe6 41. Qxc7 Qd8 42. Qh2 Rf6 43. Bxe6+ Kh8 $15 {
Stockfish10}) 40. Qe4 Qg5+ 41. f4 Qg2 42. Qf5 Qg4 (42... Kg7 $17 {Stockfish10,
but Bl very short of time & behind Wh}) 43. Qe4 Qg2 44. Qf5 Qg4 1/2-1/2

[Event "Dyfed Open"]
[Site "Fishguard"]
[Date "2019.02.24"]
[Round "5.16"]
[White "Horrell, Stephen A"]
[Black "Paffard, Mark"]
[Result "1-0"]
[WhiteElo "1592"]
[BlackElo "1731"]
[Annotator "kemen"]
[PlyCount "65"]
[EventDate "2019.??.??"]

{[%evp 0,65,19,38,40,37,37,22,22,23,23,-11,33,19,33,18,34,15,17,-8,34,-7,-3,2,
-11,8,1,-35,17,15,17,10,19,-24,5,-15,-20,-45,-92,-77,-91,-92,-100,-96,-143,
-272,-103,-114,-58,-45,-117,-127,-127,-219,-220,-229,-214,-212,-215,-240,-96,
-69,-77,-50,0,-249,29999,-30000]} 1. e4 c5 2. Nc3 e6 3. f4 Nc6 4. Nf3 Nge7 5.
Be2 (5. d4) (5. Bb5) 5... a6 (5... d5) 6. O-O d6 (6... g6) 7. Qe1 $146 (7. d3)
7... b5 8. d3 Bb7 9. Nd1 Qc7 10. c3 g6 11. Bd2 Bg7 12. Qh4 h6 (12... f5 13. Ng5
Nd8 $11 {Komodo12}) 13. Qe1 O-O-O {the Bl K is more exposed on this side
because it is easier to open up} (13... O-O $11 14. Be3 f5) 14. a4 f5 15. axb5
axb5 16. Ra2 (16. Be3) 16... e5 (16... Kd7 {Komodo12- indicates the Engine's
concerns}) 17. Nh4 (17. Nf2) (17. fxe5 Nxe5 (17... dxe5 18. Be3 Nb8 19. b4 $16)
18. d4 Nxf3+ 19. Bxf3 Rhe8 20. exf5 Nxf5 21. Qf2 cxd4 22. g4 Ne7 23. Qg2 Bxf3
24. Qxf3 Rf8 25. Ra8+ Kd7 26. Rxd8+ Rxd8 27. Re1 $11 {Komodo12- the Bl K is
safe because of the many exchanges}) 17... exf4 18. exf5 (18. Rxf4 $11 g5 19.
Nxf5 gxf4 20. Nxg7 Qd7 21. Nf2 f3 22. Bxf3 Ne5 23. Be2 d5 24. b4 $16 {
Komodo12-the position around the Bl K still looks a little draughty}) 18... g5
$17 19. Ng6 Nxg6 (19... Rhe8 20. Nxe7+ Qxe7 21. Bh5 Qd7 22. Bxe8 Rxe8 23. Qf2
Qxf5 $17 {Komodo12-Bl has the better placed pieces}) 20. fxg6 Kb8 21. h4 Rhe8
22. Qf2 Ne5 23. h5 d5 (23... Qd7 $19 24. b4 Ng4 25. Bxg4 Qxg4 26. Bxf4 (26. Bc1
f3 27. Ne3 (27. g3 Re2) 27... Rxe3 28. Bxe3 fxg2 29. Rfa1 Qh3 (29... Qxh5) 30.
Ra8+ Kc7 31. Qf7+ Rd7 32. Qe8 Bxa8 33. Qxa8 Qh1+ 34. Kf2 g1=Q+ 35. Rxg1 Qxa8
$19)) 24. d4 (24. b4 $11) 24... cxd4 (24... Nc4 $17) 25. cxd4 (25. Bxb5 $11)
25... Nc6 $17 26. Bc3 b4 27. Bd3 (27. Ba6 Qb6 28. Bd3 Na5 $17 {Komodo12}) 27...
bxc3 {no need to rush} (27... Re7 28. Re1 Rde8 29. Rxe7 Qxe7 $19 {Komodo12- if
the c3 B moves, the Wh Q is lost}) 28. bxc3 Na5 29. Qc2 Rd6 (29... Nc4 $19) 30.
Qa4 {the Bl K position looking draughty again} Nc6 $17 {the only move to keep
an advantage} 31. Nf2 Rde6 $17 (31... Kc8 $15) 32. Rb1 f3 $2 (32... Re1+ 33.
Rxe1 Rxe1+ 34. Bf1 (34. Kh2 g4 35. Nxg4 Qe7 36. g3 Qg5 $19) 34... f3 $19 {
Komodo121}) 33. Qa8# 1-0

[Event "Dyfed Open"]
[Site "Fishguard"]
[Date "2019.02.24"]
[Round "5.17"]
[White "Parri, Deio"]
[Black "Leah, Howard"]
[Result "1/2-1/2"]
[WhiteElo "1659"]
[BlackElo "1613"]
[Annotator "kemen"]
[PlyCount "58"]
[EventDate "2019.??.??"]

{[%evp 0,58,19,25,23,8,54,37,32,39,34,20,25,19,19,16,16,23,21,8,15,14,37,22,55,
44,43,43,56,33,27,10,27,-20,-23,-16,-14,-9,-6,0,57,12,41,44,205,192,196,198,
219,177,204,201,206,161,183,130,199,65,59,0,119]} 1. d4 Nf6 2. c4 g6 3. Nc3 Bg7
4. e4 d6 5. Bd3 Nbd7 (5... O-O {more flexible- maybe the N wants to go to c6
as Kotronias recommends}) 6. Nge2 {Seirawan System} O-O 7. f3 c5 (7... e5 {
alternative}) 8. d5 (8. Be3 {main}) 8... Ne5 9. Bg5 h6 {not been played at
this particular point-does create a potential weakness on g6 ( Bronstein,
Kotronias)} (9... a6 {main}) 10. Be3 e6 11. Qd2 Kh7 (11... Nh7 12. O-O Nxd3 13.
Qxd3 f5 14. dxe6 Bxe6 15. Nf4 Qf6 16. Nxe6 Qxe6 17. exf5 Rxf5 18. Rfe1 Qd7 19.
Rad1 Be5 20. Ne4 {Ortmann-Alpdogan, Wuerttemberg ch U15,1997,1-0}) 12. O-O exd5
13. cxd5 a6 (13... Nxd3 14. Qxd3 a6 15. a4 Re8 16. Rfb1 a5 17. Nb5 {
Rancic-Djuricic, SRB ch Central Kagujevac 2015,1-0}) 14. b3 (14. a4 Rb8 15. Ng3
Bd7 16. f4 Nxd3 17. Qxd3 Ng4 18. Nge2 c4 19. Qd2 Nxe3 20. Qxe3 b5 21. a5 b4 22.
Nd1 Qf6 $17 {Wang-Ning,Tan Lian Ann Cup, Tianjing 2001,0-1}) (14. Rab1 b5 15.
a3 b4 16. axb4 cxb4 17. Na4 Nxd3 18. Qxd3 Bd7 19. Qb3 Bb5 20. Rfe1 Bxe2 (20...
Nd7) 21. Rxe2 $16 {Zuk-Cabanas, Vancouver 1984,1-0}) 14... b5 $11 15. Rab1 Bd7
16. Bc2 (16. b4 $11 {Wh gains the d4 square for the N in many lines}) 16... b4
17. Nd1 Bb5 18. Nb2 Nh5 19. Nd3 Nxd3 20. Bxd3 Bxd3 21. Qxd3 f5 $6 (21... Qe7
$11) 22. exf5 gxf5 23. g4 $18 Nf6 24. Qxf5+ (24. Ng3 $18 {even
stronger-Komodo12}) 24... Kh8 25. Nf4 Rf7 26. Ne6 (26. Rbe1 {Wh is a pawn up &
there are holes around the Bl K}) 26... Qg8 27. Qd3 (27. Rbe1) 27... Nd7 (27...
Nxd5 28. Qxd5 Re7 29. Nc7 Rxc7 30. Qxd6 Rac8 31. Qxa6 Rc6 32. Qd3 c4 33. bxc4
Rxc4 $16 {but Bl has achieved a bit of counterplay}) 28. Nxg7 (28. Bf4 $18) (
28. Rbd1 $18) (28. f4 $18) 28... Qxg7 29. Qd2 (29. h3 $16) 29... Rf6 (29... Ne5
30. Bxh6 Qg6 31. Kh1 Nxf3 32. Qe2 Nd4 33. Qe3 Rg8 34. g5 Rf3 $11 (34... Nf5 35.
Qh3 Nxh6 36. Qxh6+ Qxh6 37. gxh6 Rxf1+ 38. Rxf1 Kh7 39. Rf6 Rg6 $11)) (29...
Rf6 30. h3 $16) 1/2-1/2

[Event "Dyfed Open"]
[Site "Fishguard"]
[Date "2019.02.24"]
[Round "5.18"]
[White "Denham, Colin"]
[Black "Roberts, Malcolm A"]
[Result "1-0"]
[WhiteElo "1653"]
[BlackElo "1630"]
[Annotator "kemen"]
[PlyCount "65"]
[EventDate "2019.??.??"]

{[%evp 0,65,23,24,11,30,20,25,50,49,45,47,53,2,52,30,27,23,19,17,23,12,9,6,54,
52,60,47,36,43,55,61,64,46,44,57,62,62,73,80,79,73,103,83,161,188,202,167,207,
177,183,138,152,145,189,209,260,275,293,274,353,258,342,336,447,347,442,419]} 
1. Nf3 d5 2. d4 Nf6 3. Bf4 Nbd7 4. Nbd2 g6 5. e3 Bg7 6. Be2 (6. Bd3) (6. h3 {
main lines}) 6... O-O 7. h3 b6 (7... c5 {main}) 8. c3 Bb7 9. O-O Ne4 {9 games;
the position also occurred in IC Jones-D Robinson, SWPL 2005,1/2-1/2- but with
Bl to move, as Wh had just retreated his B from g5 to f4.} (9... c5 {main,252
games}) 10. Nxe4 dxe4 11. Nd2 Nf6 $146 (11... e5 $11 {Komodo12-1 Wh win, 1
draw & ! Bl win}) 12. Qc2 $14 e6 13. Bg5 (13. Be5 $16) 13... Qd5 14. Bf4 Qd7
15. Be5 Rac8 16. Bxf6 Bxf6 17. Nxe4 $16 Be7 18. Bf3 Ba6 19. Rfd1 f5 20. Nd2 Bd6
21. e4 f4 22. d5 $18 exd5 23. Bg4 Qe7 24. Bxc8 Bxc8 25. exd5 f3 26. Qe4 Qf6 27.
Nxf3 Bf5 (27... Bxh3 28. Re1 $18 (28. gxh3 Qxf3 29. Qxf3 Rxf3 30. Kg2 $18)) 28.
Qh4 Qg7 29. Re1 h6 30. Qd4 (30. Nd4) 30... Qd7 31. Ne5 Qc8 32. Nc6 (32. g4 $18)
32... Bc5 33. Qxc5 (33. Ne7+) 1-0